| 000 | 00497nam a22001697a 4500 | ||
|---|---|---|---|
| 005 | 20250124120400.0 | ||
| 008 | 250124b |||||||| |||| 00| 0 eng d | ||
| 020 | _a0-8157-3195-7 | ||
| 050 |
_aHJ1620 _b.G66 GOO |
||
| 100 | _aGoode Richard | ||
| 245 |
_aGovernment Finance in Developing Countries _cRichard Goode |
||
| 260 |
_aMassachusetts _bThe Brookings Institute _c1984 |
||
| 300 |
_axii. 334p. _bill. _c23.5 cm x 16 cm |
||
| 500 | _aIncludes Index | ||
| 650 | _2Finance | ||
| 942 |
_2lcc _cBK _n0 |
||
| 999 |
_c2996 _d2996 |
||